| 000 | 01200cam a2200277 a 4500 | ||
|---|---|---|---|
| 003 | EG-GiCUC | ||
| 005 | 20250223032429.0 | ||
| 008 | 191102s1997 ua dho f m 000 0 eng d | ||
| 040 |
_aEG-GiCUC _beng _cEG-GiCUC |
||
| 041 | 0 | _aeng | |
| 049 | _aDeposite | ||
| 097 | _aPh.D | ||
| 099 | _aCai01.09.03.Ph.D.1997.Ma.I | ||
| 100 | 0 | _aMaha Ahmed Niazy | |
| 245 | 1 | 3 |
_aAn Investigation into the effect of certain varables on microleak age of resin-veneered glass inonomer cement restorations / _cMaha Ahmed Niazy ; Supervised Aly Nour , Fayez Hassan |
| 246 | 1 | 5 | _aدراسة لبحث تأثير متغيرات معينة على درجة التسرب فى الحشوات الراتنجية المغطاه لزجاج الأيونومر |
| 260 |
_aCairo : _bMaha Ahmed Niazy , _c1997 |
||
| 300 |
_a110 Leaves : _bcharts , facsimiles , photpghraphs ; _c30cm |
||
| 502 | _aThesis (Ph.D.) - Cairo University - Faculty of Oral and Dental Medicine - Department of Operative Dentistry | ||
| 700 | 0 |
_aAly Nour , _eSupervisor |
|
| 700 | 0 |
_aFayez Hassan , _eSupervisor |
|
| 856 | _uhttp://172.23.153.220/th.pdf | ||
| 905 |
_aNazla _eRevisor |
||
| 905 |
_aShimaa _eCataloger |
||
| 942 |
_2ddc _cTH |
||
| 999 |
_c74902 _d74902 |
||